000
00334nam a22001457a 4500
005
20160628111652.0
008
160628b xxu||||| |||| 00| 0 eng d
041
_a
eng
082
_b
10750
245
_a
Pramana, Journal of Physics
260
_b
Indian Academy of Sciences
300
_a
158
650
_a
Journal
_9
3034
942
_c
JRL
999
_c
4394
_d
4393